| 000 | 01858nam a2200541 i 4500 | ||
|---|---|---|---|
| 001 | 23158 | ||
| 003 | KOSZ 005 | ||
| 005 | 20210519130819.0 | ||
| 008 | 981103s1985 pl a f |000 0 pol | ||
| 015 | _aUWD 1986/12 | ||
| 020 | _a8304020793 | ||
| 035 | _a991007504759705066 | ||
| 035 | _a(PL-WaBN)b11946842-48omnis_nlop | ||
| 035 | _ab11946842 | ||
| 035 | _a(OCoLC)749549350 | ||
| 035 | _azz2002982408 | ||
| 035 | _a(PL)b0000001194684 | ||
| 035 | _a(EXLNZ-48OMNIS_NETWORK)9910290803205606 | ||
| 040 |
_aWA N _cWA N _dKOSZ 005/HR |
||
| 041 | 1 |
_apol _bengrus _hrus |
|
| 046 | _k1985 | ||
| 080 | _a159.94 | ||
| 080 | _a159.923 | ||
| 245 | 0 | 0 |
_aStudia z psychologii emocji, motywacji i osobowości / _cpod red. Janusza Reykowskiego, Olgi W. Owczynnikowej i Kazimierza Obuchowskiego. |
| 250 | _aWyd. 2 zm. | ||
| 260 |
_aWrocław [etc.] : _bZakład Narodowy im. Ossolińskich, _c1985. |
||
| 300 |
_a303 s. : _brys., wykr. ; _c21 cm. |
||
| 336 |
_aTekst _btxt _2rdacontent |
||
| 337 |
_aBez urządzenia pośredniczącego _bn _2rdamedia |
||
| 338 |
_aWolumin _bnc _2rdacarrier |
||
| 380 | _aKsiążki | ||
| 380 | _aPublikacje naukowe | ||
| 388 | _a1901-2000 | ||
| 388 | _a1945-1989 | ||
| 504 | _aBibliogr. przy rozdz. | ||
| 546 | _aTekst częśc. tł. z ros. - Streszcz. ang., ros. przy rozdz. | ||
| 650 | 7 |
_aMotywacja _2DBN |
|
| 650 | 7 |
_aOsobowość _2DBN |
|
| 650 | 2 | _aUczucia | |
| 658 | _aPsychologia | ||
| 700 | 1 |
_aObuchowski, Kazimierz _d(1931-2014) _eRedakcja |
|
| 700 | 1 |
_aOvčinnikova, Ol'ga Vasilevna _eRedakcja |
|
| 700 | 1 |
_aReykowski, Janusz _d(1929- ) _eRedakcja |
|
| 710 | 2 |
_aWydawnictwo Ossolineum _4pbl |
|
| 856 |
_uhttp://koha.tu.koszalin.pl/cgi-bin/koha/opac-detail.pl?biblionumber=23158 _yKatalog online BPK |
||
| 942 |
_2UKD _cKS |
||
| 999 |
_c23158 _d23158 |
||